00613nam a2200205Ia 4500003000400000005001700004008004100021020001800062040001800080041000800098082002200106100002100128245010300149250001700252260004900269300002600318650002500344700002000369700001800389OSt20211222194944.0210716s2005 xx 000 0 und d a81-8318-104-X cAIMIT LIBRARY aeng a001.42 216bBHAP aBhandarkar, P L. aMethodology and Techniques of Social Research.cby P.L. Bhandarkar,T.S. Wilkinson and D.K. Laldas. a16th. ed . - aNew Delhi:bHimalaya Publishing House,c2005 aviii, 444p. ; 21.5 cm aResearch Methodology aWilkinson, T S. a Laldas, D K.